Southville International School and Colleges
Your cart is empty.
  • Cart
  • Lists
    Public lists Eva Luna New books Lux_list list_1
    Your lists Log in to create your own lists
  • Log in to your account
  • Your cookies
  • Search history
Southville International School and Colleges
  • Advanced search
  • Recent comments
  • Most popular
  • Libraries

Log in to your account

Log in with GOOGLE


If you do not have an external account, but do have a local account, you can still log in:

  1. Home
  2. MARC view: Fundamentals of software engineering /
Normal view MARC view ISBD view

Fundamentals of software engineering / (Record no. 293097)

[ view plain ]
MARC details
000 -LEADER
fixed length control field 00666nam a2200229 a 4500
003 - CONTROL NUMBER IDENTIFIER
control field PILC
005 - DATE AND TIME OF LATEST TRANSACTION
control field 20160331131753.0
008 - FIXED-LENGTH DATA ELEMENTS--GENERAL INFORMATION
fixed length control field 020823s19uu xx 00 eng d
020 ## - INTERNATIONAL STANDARD BOOK NUMBER
International Standard Book Number 9781308239200
050 ## - LIBRARY OF CONGRESS CALL NUMBER
Classification number QA 76.758
Item number .G47 2003
100 ## - MAIN ENTRY--PERSONAL NAME
Personal name Ghezzi, Carlo
245 ## - TITLE STATEMENT
Title Fundamentals of software engineering /
Statement of responsibility, etc Carlo Ghezzi ... [et al.].
250 ## - EDITION STATEMENT
Edition statement 2nd ed
260 ## - PUBLICATION, DISTRIBUTION, ETC. (IMPRINT)
Place of publication, distribution, etc N.J :
Name of publisher, distributor, etc Prentice Hall,
Date of publication, distribution, etc 2003.
300 ## - PHYSICAL DESCRIPTION
Extent xx, 604 p. ;
Other physical details ill. ;
Dimensions 24 cm.
500 ## - GENERAL NOTE
General note Includes bibliography (p. 560-588) and index.
650 ## - SUBJECT ADDED ENTRY--TOPICAL TERM
Topical term or geographic name as entry element Software engineering.
700 ## - ADDED ENTRY--PERSONAL NAME
Personal name Jazayeri, Mehdi
700 ## - ADDED ENTRY--PERSONAL NAME
Personal name Mandrioli, Dino
942 ## - ADDED ENTRY ELEMENTS (KOHA)
Koha item type Books
Source of classification or shelving scheme Library of Congress Classification
Call number prefix Foreign

No items available.

Fundamentals of software engineering /

APA

Ghezzi C., Jazayeri M. & Mandrioli D. (2003). Fundamentals of software engineering. N.J: Prentice Hall.

Chicago

Ghezzi Carlo, Jazayeri Mehdi and Mandrioli Dino. 2003. Fundamentals of software engineering. N.J: Prentice Hall.

Harvard

Ghezzi C., Jazayeri M. and Mandrioli D. (2003). Fundamentals of software engineering. N.J: Prentice Hall.

MLA

Ghezzi Carlo, Jazayeri Mehdi and Mandrioli Dino. Fundamentals of software engineering. N.J: Prentice Hall. 2003.

  • Print
  • Cite
  • Add to your cart (remove)
  • Save record
    BIBTEX Dublin Core MARCXML MARC (non-Unicode/MARC-8) MARC (Unicode/UTF-8) MARC (Unicode/UTF-8, Standard) MODS (XML) RIS
  • More searches
    Search for this title in:
    Other Libraries (WorldCat) Other Databases (Google Scholar) Online Stores (Bookfinder.com) Open Library (openlibrary.org)

Exporting to Dublin Core...

SOUTHVILLE LIBRARY

Southville International School and Colleges Library

1281 Tropical Ave. Cor. Luxembourg St., BF Homes International, Las Pinas City

Tel. No. 8256374 / 252358 Loc. 117/146

Powered by Koha